| 000 | 00762nam a22001937a 4500 | ||
|---|---|---|---|
| 005 | 20241106102025.0 | ||
| 008 | 241106b |||||||| |||| 00| 0 eng d | ||
| 020 | _a9780273771388 | ||
| 050 |
_aQA76.73 _bJ38 L52 |
||
| 100 | _aLiang, Y. Daniel | ||
| 245 |
_aIntroduction to Java/ _bprogramming comprehensive version _cY. Daniel Liang, Arup Kumar Bhattacharjee & Soumen Mukherjee(international edition contributors) |
||
| 250 |
_a9th Ed. _bInternational Edition |
||
| 260 |
_aEngland _bPearson Education Limited _c2013 |
||
| 300 |
_a1334pages _bill. some color _c25cm |
||
| 650 | _2Programming | ||
| 700 | _aBhattacharjee, Arup Kumar(international edition contributor) | ||
| 700 | _aMukherjee, Soumen(international edition contributor) | ||
| 942 |
_2lcc _cBK _e9th Ed _n0 |
||
| 999 |
_c672 _d672 |
||